Detalles MARC
| 000 -CABECERA |
| campo de control de longitud fija |
00869nam a2200205 u 4500 |
| 001 - NÚMERO DE CONTROL |
| campo de control |
000020306 |
| 005 - FECHA Y HORA DE LA ÚLTIMA TRANSACCIÓN |
| campo de control |
20200929170346.0 |
| 008 - DATOS DE LONGITUD FIJA--INFORMACIÓN GENERAL |
| campo de control de longitud fija |
100813s2000 sp ad 000 0 spa d |
| 020 ## - NÚMERO INTERNACIONAL ESTÁNDAR DEL LIBRO |
| Número Internacional Estándar del Libro |
8400078659 |
| 040 ## - FUENTE DE LA CATALOGACIÓN |
| Centro catalogador/agencia de origen |
DO-SdBNP |
| Lengua de catalogación |
spa |
| Centro/agencia transcriptor |
BNPHU |
| 082 ## - NÚMERO DE LA CLASIFICACIÓN DECIMAL DEWEY |
| Número de clasificación |
331.88 |
| Número de documento/Ítem |
S487 |
| 100 1# - ENTRADA PRINCIPAL--NOMBRE DE PERSONA |
| Nombre de persona |
errano del Rosal, Rafael. |
| 9 (RLIN) |
42946 |
| 245 10 - MENCIÓN DE TÍTULO |
| Título |
Transformación y cambio del sindicalismo español contemporáneo / |
| Mención de responsabilidad, etc. |
Rafael Serrano del Rosal. |
| 260 ## - PUBLICACIÓN, DISTRIBUCIÓN, ETC. |
| Lugar de publicación, distribución, etc. |
Madrid : |
| Nombre del editor, distribuidor, etc. |
Consejo Superior de Investigaciones Científicas : |
| -- |
Instituto de Estudios Sociales Avanzados de Andalucía, |
| Fecha de publicación, distribución, etc. |
2000. |
| 300 ## - DESCRIPCIÓN FÍSICA |
| Extensión |
244 p. : |
| Otras características físicas |
il., gráficos ; |
| Dimensiones |
24 cm. |
| 490 1# - MENCIÓN DE SERIE |
| Mención de serie |
Politeya. |
| -- |
Estudios de política y sociedad ; |
| Designación de volumen o secuencia |
12 |
| 500 ## - NOTA GENERAL |
| Nota general |
Incluye referencias bibliográficas y notas al pie de las páginas |
| 504 ## - NOTA DE BIBLIOGRAFÍA, ETC. |
| Nota de bibliografía, etc. |
Bibliografía : p. 223-234 |
| 830 #0 - PUNTO DE ACCESO ADICIONAL DE SERIE-TÍTULO UNIFORME |
| Título uniforme |
Politeya. |
| Nombre de parte o sección de la obra |
Estudios de política y sociedad ; |
| Número de parte o sección de la obra |
12 |
| 9 (RLIN) |
42947 |